| 000 | 01683nam a2200301 a 4500 | ||
|---|---|---|---|
| 001 | BRCA_4913 | ||
| 005 | 20190320204845.0 | ||
| 008 | 201010s1832----mx-######v---#000-0#spa-# | ||
| 041 | _aspa | ||
| 044 | _amx | ||
| 084 |
_aDOC13 _b.L67 _c1832 |
||
| 100 | 1 |
_aLópez Rayón, Ramón _d1775-1839 _912441 |
|
| 245 | 1 | 0 |
_aDocumento firmado por Don Ramón López Rayón _cRamón López Rayón, Ignacio Lazo. |
| 260 |
_aCantón de Tlalpujahua, México _c1832 |
||
| 300 |
_a[1] foja _c31 x 21 cm |
||
| 500 | _aDocumento firmado el 22 de Mayo de 1832 | ||
| 500 | _aCarta autógrafa de Don Ramón López Rayón, General graduado de la brigada del Ejército Mexicano extendida a favor y por petición del C. Ignacio Lazo en la que rectifica haberlo conocido en 1812 en el Cantón de Tlalpujahua y ser este un leal defensor de la Independencia. Firmado en México el 22 de Mayo de 1832 | ||
| 500 | _aEn la parte superior sello del Gobierno Oficial Mexicano (documento con la águila Republicana) con la siguiente descripción: SELLO CUARTO UNA CUARTILLA Para los años de mil ochocientos treinta y dos y ochocientos treinta y tres | ||
| 500 | _aEl documento tiene la leyenda DOC. #22 | ||
| 500 | _aEstado de conservación: Contiene acidificación y lagunas en la parte central y en los márgenes | ||
| 506 | 0 | _aFondo reservado: para su consulta es necesario credencial de usuario y carta de motivos | |
| 546 | _aTexto en: español a mediados del siglo XIX | ||
| 600 | 1 | 4 |
_aLópez Rayón, Ramón _d1775-1839 _eGeneral _912441 |
| 651 | 4 |
_aMéxico _vManuscrito _xHistoria _yFederalismo y centralismo, 1824-1853 _912442 |
|
| 700 | 1 |
_aLazo, Ignacio _912443 |
|
| 902 | _aFDH | ||
| 942 |
_2lcc _cD |
||
| 999 |
_c4607 _d4607 |
||